|
|
|
|
| LEADER |
01322nam a2200349 4500 |
| 001 |
000007628 |
| 003 |
3791 |
| 005 |
20111010081015.0 |
| 008 |
111010s2001 viesd |
| 020 |
|
|
|c 6000đ
|
| 041 |
0 |
|
|a vie
|
| 082 |
|
|
|a 324.2597071
|b Ban
|
| 110 |
|
|
|a Ban Tư tưởng - Văn hoá Trung ương
|
| 245 |
|
0 |
|a Tài liệu tham khảo Phục vụ nghiên cứu Nghị Quyết Đại hội đại biểu toàn Quốc lần thứ IX của Đảng
|c Ban Tư tưởng - Văn hoá Trung ương (b.s)
|
| 260 |
|
|
|a H.
|b Chính trị Quốc gia
|c 2001
|
| 300 |
|
|
|a 285 tr
|b bảng
|c 19 cm
|
| 653 |
|
|
|a Tài liệu tham khảo
|
| 653 |
|
|
|a Phục vụ nghiên cứu
|
| 653 |
|
|
|a Nghị Quyết Đại hội
|
| 653 |
|
|
|a Lần thứ IX của Đảng
|
| 653 |
|
|
|a Đại biểu toàn quốc
|
| 910 |
|
|
|a Nguyễn Thị Kim Oanh
|d 10/10/2011
|
| OWN |
|
|
|a LSP
|
| AVA |
|
|
|a UDN50
|b LSP
|d 324.2597071 Ban
|e available
|t Error 5001 Not defined in file expand_doc_bib_avail.
|f 1
|g 0
|h N
|i 0
|k 1
|
| 999 |
|
|
|a From the UDN01
|
| AVA |
|
|
|a UDN50
|b LSP
|d 324.2597071 Ban
|e available
|t Error 5001 Not defined in file expand_doc_bib_avail.
|f 1
|g 0
|h N
|i 0
|k 1
|
| TYP |
|
|
|a Monograph
|
| TYP |
|
|
|a Printed language
|
| 980 |
|
|
|a Mạng thư viện Đại học Đà Nẵng
|